Statistics for Song Title to Artist Click Quiz - Pop

Click here to take the quiz!

General Stats

  • This quiz has been taken 131 times
  • The average score is 16 of 20

Answer Stats

HintAnswer% Correct
Billie JeanMichael Jackson
96%
Shake It OffTaylor Swift
95%
UmbrellaRihanna
93%
Shape of YouEd Sheeran
92%
Dancing QueenABBA
91%
Bad RomanceLady Gaga
91%
Blinding LightsThe Weeknd
90%
...Baby One More TimeBritney Spears
89%
Like a VirginMadonna
87%
I Want It That WayBackstreet Boys
84%
Careless WhisperGeorge Michael
81%
I Will Always Love YouWhitney Houston
81%
Piano ManBilly Joel
77%
7 RingsAriana Grande
74%
Locked Out of HeavenBruno Mars
73%
Stressed OutTwenty One Pilots
73%
Tiny DancerElton John
71%
Don't Start NowDua Lipa
69%
Hot StuffDonna Summer
67%
We Belong TogetherMariah Carey
50%

Score Distribution

Percentile by Number Answered

Percent of People with Each Score

Your Score History

You have not taken this quiz